000 00382nam a22001337a 4500
005 20250612111028.0
008 250612b |||||||| |||| 00| 0 eng d
050 _aBS543
_b.P54 PHI
100 _aPHILLIPPS JOHN
245 _aOLD TESTAMENT BIBLICAL THEOLOGY;
_bA STUDY GUIDE
260 _aBRUSSELS
_bINTERNATIONAL CORRESPONDENCE INSTITUTE
_cc1978
300 _a232p
942 _2lcc
_cBK
_n0
999 _c6419
_d6419